[Event "Olympiad Women-44"]
[Site "Chennai"]
[Date "2022.07.29"]
[Round "1.3"]
[White "Avila Fraire, Ameyalli"]
[Black "Johnson, Nellisha"]
[Result "1-0"]
[WhiteElo "1907"]
[BlackElo "1093"]
[PlyCount "75"]
[EventDate "2022.07.29"]
[EventType "team-swiss"]
[EventRounds "11"]
[EventCountry "IND"]
[SourceTitle "CBM 210"]
[Source "ChessBase"]
[SourceDate "2022.10.31"]
[SourceVersion "1"]
[SourceVersionDate "2022.10.31"]
[SourceQuality "1"]
[WhiteTeam "Mexico (W)"]
[BlackTeam "Guyana (W)"]
[WhiteTeamCountry "MEX"]
[BlackTeamCountry "GUY"]

1. e4 e5 2. Nf3 Nc6 3. d4 exd4 4. Nxd4 Nxd4 5. Qxd4 d6 6. Nc3 Nf6 7. Bg5 Be7 8. 0-0-0 0-0 9. h4 h5 10. Be2 Bg4 11. f3 Be6 12. g4 c5 13. Qe3 a6 14. gxh5 Nxh5 15. Rdg1 f6 16. Bh6 Rf7 17. f4 Nxf4 18. Qxf4 Kh7 19. Bh5 gxh6 20. Bg6+ Kg8 21. Bf5+ Kf8 22. Bxe6 Ke8 23. Qxh6 Bf8 24. Qh5 Qe7 25. Nd5 Bh6+ 26. Kb1 Qf8 27. Rg8 Qxg8 28. Nxf6+ Ke7 29. Nxg8+ Kxe6 30. Qd5+ Kd7 31. Qxf7+ Kc6 32. Qd5+ Kc7 33. Rf1 Rf8 34. Rxf8 Bxf8 35. Nf6 Be7 36. Qf7 Kd8 37. Qe8+ Kc7 38. Nd5# 1-0

[Event "Online Olym Div4 E"]
[Site "Chess.com INT"]
[Date "2021.08.22"]
[Round "11.1"]
[White "Johnson, Nellisha"]
[Black "Gontcharova, Olga1111"]
[Result "1-0"]
[WhiteElo "1101"]
[BlackElo "1301"]
[PlyCount "77"]
[EventDate "2021.08.20"]
[EventType "team (rapid)"]
[EventRounds "11"]
[EventCountry "USA"]
[SourceTitle "CBM 203 Extra"]
[Source "ChessBase"]
[SourceDate "2021.09.30"]
[SourceVersion "1"]
[SourceVersionDate "2021.09.30"]
[SourceQuality "1"]
[WhiteTeam "Guyana"]
[BlackTeam "Bermuda"]
[WhiteTeamCountry "GUY"]
[BlackTeamCountry "BER"]

1. e4 c5 2. Nf3 e6 3. d4 cxd4 4. Nxd4 a6 5. Nc3 Qc7 6. Be3 Bb4 7. Bd2 Nf6 8. Bd3 0-0 9. a3 Be7 10. Nf3 Nc6 11. Qe2 b5 12. 0-0 Bb7 13. Bg5 Ne5 14. Bf4 Bd6 15. Bg3 Nfg4 16. h3 Nf6 17. Nxe5 Bxe5 18. Bxe5 Qxe5 19. Rad1 Rfd8 20. Qf3 d5 21. Ne2 Qxb2 22. Rfe1 Qxa3 23. e5 Ne4 24. Ng3 Ng5 25. Qe3 d4 26. Qxg5 Rac8 27. Nh5 Kf8 28. Qxg7+ Ke7 29. Qf6+ Kd7 30. Qxf7+ Kc6 31. Be4+ Kb6 32. Qxb7+ Ka5 33. Ra1 Qxa1 34. Rxa1+ Kb4 35. Qxa6 Rg8 36. Qa3+ Kc4 37. Qd3+ Kc5 38. Ra5 Rg5 39. Qxb5# 1-0

[Event "Olympiad Women-43"]
[Site "Batumi"]
[Date "2018.10.05"]
[Round "11.3"]
[White "Johnson, Nellisha"]
[Black "Wang, Mi"]
[Result "0-1"]
[WhiteElo "1123"]
[BlackElo "1585"]
[PlyCount "118"]
[EventDate "2018.09.24"]
[EventType "team-swiss"]
[EventRounds "11"]
[EventCountry "GEO"]
[SourceTitle "EXT 2020"]
[Source "ChessBase"]
[SourceDate "2019.10.17"]
[SourceVersion "1"]
[SourceVersionDate "2019.10.17"]
[SourceQuality "1"]
[WhiteTeam "Guyana (W)"]
[BlackTeam "Chinese Taipei (W)"]
[WhiteTeamCountry "GUY"]
[BlackTeamCountry "TPE"]

1. e4 c5 2. Nc3 d6 3. h3 Nf6 4. d3 e6 5. Bg5 Be7 6. f4 Nbd7 7. Qf3 h6 8. Bh4 0-0 9. 0-0-0 a6 10. a4 Nh7 11. Be1 Qc7 12. g4 Nb6 13. Bd2 Bf6 14. Nge2 Bd7 15. Rg1 Nxa4 16. Nxa4 Bxa4 17. Nc3 Bxc3 18. Bxc3 Bc6 19. g5 hxg5 20. fxg5 d5 21. Qg3 Qxg3 22. Rxg3 dxe4 23. Bg2 g6 24. Bxe4 Bxe4 25. dxe4 Rad8 26. Ba5 Rxd1+ 27. Kxd1 b5 28. h4 b4 29. b3 Rc8 30. c4 Nf8 31. Rd3 Kg7 32. Bb6 f6 33. Ke2 Kf7 34. Kf3 fxg5 35. hxg5 Ke7 36. e5 Nd7 37. Ke4 Nxb6 38. Rh3 Rf8 39. Rh7+ Rf7 40. Rh8 Nd7 41. Rc8 Rf5 42. Rg8 Nxe5 43. Rg7+ Kd6 44. Ra7 Rxg5 45. Rxa6+ Nc6 46. Ra1 e5 47. Rf1 Rg4+ 48. Ke3 Rf4 49. Rg1 Ne7 50. Rg5 Ke6 51. Rg2 Kf5 52. Rd2 g5 53. Rd7 Ng6 54. Rc7 g4 55. Kd3 Rf3+ 56. Kc2 Ke4 57. Rxc5 g3 58. Rd5 g2 59. Rd1 Rf1 0-1

[Event "Olympiad Women-43"]
[Site "Batumi"]
[Date "2018.09.28"]
[Round "5.57"]
[White "Johnson, Nellisha"]
[Black "Meddeb, Chadha"]
[Result "0-1"]
[WhiteElo "1123"]
[BlackElo "1619"]
[PlyCount "104"]
[EventDate "2018.09.24"]
[EventType "team-swiss"]
[EventRounds "11"]
[EventCountry "GEO"]
[SourceTitle "EXT 2020"]
[Source "ChessBase"]
[SourceDate "2019.10.17"]
[SourceVersion "1"]
[SourceVersionDate "2019.10.17"]
[SourceQuality "1"]
[WhiteTeam "Guyana (W)"]
[BlackTeam "Tunisia (W)"]
[WhiteTeamCountry "GUY"]
[BlackTeamCountry "TUN"]

1. e4 d5 2. exd5 Qxd5 3. Nc3 Qd6 4. d4 Nf6 5. Nf3 Bg4 6. Be2 c6 7. 0-0 Nbd7 8. h3 h5 9. h4 e6 10. Re1 Be7 11. Bg5 Bxf3 12. Bxf3 Nb6 13. Ne4 Nxe4 14. Bxe7 Qxe7 15. Rxe4 0-0-0 16. g3 g6 17. c3 Nc4 18. b3 Nd6 19. Re2 g5 20. hxg5 Qxg5 21. Qd2 Qf6 22. Qf4 Qxf4 23. gxf4 Nf5 24. Kf1 h4 25. Bg2 h3 26. Bh1 h2 27. Ke1 Rdg8 28. Kd2 Rg1 29. Ree1 Rhg8 30. Be4 Nd6 31. Bh1 Kd7 32. Kd3 Rxe1 33. Rxe1 Rg1 34. Kd2 Nb5 35. f5 Nxc3 36. fxe6+ fxe6 37. Bf3 Nxa2 38. Bh1 Nb4 39. f4 Nd5 40. Bf3 Nxf4 41. Rd1 Nd3 42. Ke2 Nf4+ 43. Kd2 Ng2 44. Bxg2 Rxg2+ 45. Ke3 Rg1 46. Rd3 h1Q 47. Kf4 Qh2+ 48. Ke4 Qh7+ 49. Ke3 Rg3+ 50. Kf2 Qxd3 51. Ke1 Rg2 52. b4 Qe2# 0-1